00310nam a22000977a 4500008004100000082001600041100002400057245010100081260002100182300000900203230612b xxu||||| |||| 00| 0 eng d a354.62bGOK cGovernment of Kenya aReport of the Public Accounts Committee on the Government of Kenya Accounts for the year 2004/05 aKenyabGOKc2005 a517p